Normal view
MARC view
- Wang, Xiaodong Poor, H.Vincent
Entry Personal Name
001 - CONTROL NUMBER
- control field: 62125
003 - CONTROL NUMBER IDENTIFIER
- control field: NUST
005 - DATE AND TIME OF LATEST TRANSACTION
- control field: 20210628202859.0
008 - FIXED-LENGTH DATA ELEMENTS
- fixed length control field: 210628|| aca||aabn | a|a d
040 ## - CATALOGING SOURCE
- Original cataloging agency: NUST
- Transcribing agency: NUST
100 ## - HEADING--PERSONAL NAME
- Personal name: Wang, Xiaodong Poor, H.Vincent
670 ## - SOURCE DATA FOUND
- Source citation: Work cat.: (NUST): Wang, Xiaodong Poor, H.Vincent, Wireless commuinicaiton systems advanced techniques for signal reception, 2004
